| 000 | 00921nam a2200241 a 4500 | ||
|---|---|---|---|
| 001 | BRCA_616 | ||
| 005 | 20190320203102.0 | ||
| 008 | 910730r1971####enka######---#000-0#eng-# | ||
| 041 | _aeng | ||
| 044 | _aenk | ||
| 050 | 4 |
_aNK7486 _b.B75 1971 |
|
| 100 | 1 |
_aBritten, Frederick James _d1843-1913 _92105 |
|
| 245 | 1 | 0 |
_aOld clocks and watches and their makers _bbeing an historical and descriptive account of the different styles of clocks and watches of the past in England and abroad _cby F. J. Britten. |
| 250 | _a6 | ||
| 260 |
_aInglaterra _bS. R. Publishers Limited _creimp. 1971 |
||
| 300 |
_aviii, 891 p. _bil. _c24 cm. |
||
| 500 | _aIncluye lista alfabética de relojes antiguos y relojeros e índice alfabético | ||
| 500 | _aDonación del Maestro Eugenio Sisto V., 1990 | ||
| 500 | _aVer también G49 (6a ed. original, 1932) | ||
| 650 | 1 | 4 |
_aRelojes _xHistoria _92106 |
| 650 | 1 | 4 |
_aRelojeros _92107 |
| 942 |
_2lcc _cB |
||
| 999 |
_c542 _d542 |
||